Kritika a sebakritika - žieravina i balzam

Bibliographic Details
Main Author: Trávniček, Bohuš (Author)
Format: Article
Language:Slovak
Subjects:

MARC

LEADER 00000nab a2200000 a 4500
001 vtls000009566
003 SK-MaSNL
005 20260304032953.0
008 111103c1978 xo 0 slo
015 |a SNBRB19rr/mm-uuuuu 
035 |a CL0019660 
040 |a SNKBUCL  |b slo  |c SNKBUCL  |e AACR2 
041 0 |a slo 
044 |a xo  |c SK 
080 |a 17  |2 1981 
100 1 |a Trávniček, Bohuš  |4 aut  |9 270063 
245 1 0 |a Kritika a sebakritika - žieravina i balzam  |c Bohuš Trávniček 
650 0 7 |a marxistická kritika  |2 snkbucl  |9 106185 
655 7 |a články z novín a časopisov  |2 snkbucl  |9 267496 
773 0 |t Pravda  |g Roč. 59, č. 246 (18. 10. 1978), s. 6 
850 |a Slovenská národná knižnica v Martine  |a MTA001 
852 |a SNK  |b KIS3GCP 
958 |a RK 
992 |a RBX 
999 |c 2645895  |d 2647825